Vista normal
Vista MARC
Entrada Materia (personas)
Número de registros utilizados en: 2
001 - CONTROL NUMBER
- control field: 150043
003 - CONTROL NUMBER IDENTIFIER
- control field: Co-BoUCM
005 - DATE AND TIME OF LATEST TRANSACTION
- control field: 20211025105020.0
008 - FIXED-LENGTH DATA ELEMENTS
- fixed length control field: 211025|| aca||aabn | a|a d
040 ## - CATALOGING SOURCE
- Original cataloging agency: Co-BoUCM
- Transcribing agency: Co-BoUCM
100 ## - HEADING--PERSONAL NAME
- Personal name: Juan de la Cruz
- Titles and other words associated with a name: Santo
- Dates associated with a name: 1542-1591
- Form subdivision: Biografías
670 ## - SOURCE DATA FOUND
- Source citation: Work cat.: (Co-BoUCM)86614: Marie Du Saint-Sacrement, Mere 150042, Une retraite sous la conduite de Saint Jean de la Croix en union avec Sainte Thérèse de L'Enfant-Jésus et Soeur Elisabeth de la Trinité, 1927